Statistics for Complete This Billy Joel Hit

Click here to take the quiz!

General Stats

  • This quiz has been taken 620 times
  • The average score is 25 of 103

Answer Stats

Answer% Correct
{I}
95%
{a}
92%
{the}
83%
{it}
65%
{She}
61%
{me}
58%
{to}
58%
{love}
56%
{in}
55%
{is}
52%
{so}
51%
{and}
49%
{my}
48%
{her}
42%
{No}
42%
{girl}
41%
{of}
41%
{it's}
38%
{woman}
38%
{when}
36%
{if}
33%
{just}
33%
{know}
33%
{I'm}
32%
{have}
31%
{some}
30%
{all}
29%
{not}
29%
{out}
29%
{tell}
29%
{But}
28%
{how}
28%
{only}
28%
{get}
26%
{right}
26%
{She's}
26%
{Then}
26%
{say}
25%
{feel}
24%
{too}
24%
{mind}
23%
{ever}
22%
{alone}
20%
{that's}
20%
{Yes}
20%
{leave}
19%
{moment}
19%
{down}
18%
{I'll}
18%
{isn't}
18%
{I've}
18%
{keep}
18%
{tender}
18%
{best}
17%
{real}
17%
{something}
17%
{Cause}
15%
{need}
15%
{though}
15%
{Even}
14%
{light}
14%
{line}
14%
{wrong}
14%
{comical}
13%
{feeling}
13%
{known}
13%
{afraid}
12%
{conversation}
12%
{gets}
12%
{high}
12%
{hold}
12%
{mood}
12%
{put}
12%
{Sometimes}
12%
{quiet}
11%
{shy}
11%
{suddenly}
11%
{undeniably}
11%
{close}
10%
{mouth}
10%
{run}
10%
{serious}
10%
{facts}
9%
{foot}
9%
{I'd}
9%
{relax}
9%
{room}
9%
{tonight}
9%
{avoiding}
8%
{escape}
8%
{frightened}
8%
{guess}
8%
{mistake}
8%
{ought}
8%
{tension}
8%
{Breaking}
7%
{emotions}
7%
{hide}
7%
{inside}
7%
{change}
6%
{places}
5%
{arose}
4%
{attitude}
4%

Score Distribution

Percentile by Number Answered

Percent of People with Each Score

Your Score History

You have not taken this quiz